Регионална библиотека "Любен Каравелов" - Русе

Международни стандарти за одит на финансови отчети (Запис номер 108011)

MARC детайли
000 -Лидер
Контролно поле с фиксирана дължина 01557nam a2200361 c 4500
003 - Код на организацията, давaща контролен номер
Контролно поле BLK
005 - Дата и час на последна редакция
Контролно поле 20180422105823.0
008 - Елементи от данни с фиксирана дължина
fixed length control field 180409b bul|||||r ||||||| ||bul||
010 ## - Наследен системен номер
LC control number KNG00113309000
020 ## - Международен стандартен номер на книга ISBN
Международен стандартен номер на книга ISBN 954-427-535-5
-- издат.: Абагар
040 ## - Източник на каталожния запис
Идентификатор на билиотеката - собственик на записа BLK
041 ## - Код за език
Код за езика на текст/звукозапис или на отделно заглавие Български
Код за езика КДБФ Български
080 ## - УДК
Текстов определител УДК Стандартизация и стандарти. Подразделя се със знак за отношение
УДК код - определител по УДК 006
УДК определител .06:657(100)(075.8)
УДК - код + определител 006.06:657(100)(075.8)
080 ## - УДК
Текстов определител УДК Управление на бюджета. Бюджетни планове. Финансов контрол
УДК код - определител по УДК 336.126
УДК определител (075.8)
УДК - код + определител 336.126(075.8)
100 1# - Редна дума - Автор
Автор Божков, Васил Стефанов
Авторска отговорност първи автор
R(LIN) 366045
139 ## - Редно поле
Редна дума Божков, Васил Стефанов
Авторски знак Божк - Б 57
245 10 - Сведения за заглавието
Заглавие Международни стандарти за одит на финансови отчети
Подзаглавни данни Уч. метод. пособие
Редно поле (дума) Васил Стефанов Божков.
257 ## - Страна на издаване
Страна на създаване/издаване България
260 ## - Област на издателските данни
-- В. Търново
Име на издателя, разпространителя и проч. Абагар
Година на издаване 2003
300 ## - Физическа характеристика
Страници 240 с.
Илюстрации и др. с табл.
Размери/Мащаб 24 см
380 ## - Жанр
Жанр Техника
500 ## - Общи забележки
Забележка Офс. изд.
650 #4 - Допълнително описание по предмет – тема
Основно описание – тема или топоним Счетоводна отчетност
9 (RLIN) 247495
650 #4 - Допълнително описание по предмет – тема
Основно описание – тема или топоним Стандартизация - учебници за ВУЗ
9 (RLIN) 252102
653 ## - Ключова дума – ненормативна
Ключова дума счетоводство
653 ## - Ключова дума – ненормативна
Ключова дума стандарти
653 ## - Ключова дума – ненормативна
Ключова дума учебници за ВУЗ
852 ## - Местоположение
Форматна сигнатура Цб 219730
856 4# - Електронен адрес и достъп
Електронен формат pdf - файл
Път до файла /url/
856 4# - Електронен адрес и достъп
Електронен формат pdf - файл
Път до файла /url/
942 ## - АРТИКУЛИ
Вид на библиотечния материал Книги
Скрит в OPAC Не
944 ## - СЪЗДАВАНЕ И РЕДАКЦИЯ на ЗАПИСА
Създаване/Редакция Създаване
Дата на регистрацията/редакция 01.06.2004
Служител, извършил регистрацията/редакцията Людмила_Стоянова
944 ## - СЪЗДАВАНЕ И РЕДАКЦИЯ на ЗАПИСА
Създаване/Редакция Редакция
Дата на регистрацията/редакция 27.06.2005
Служител, извършил регистрацията/редакцията
999 ## - СИСТЕМНИ КОНТРОЛНИ НОМЕРА
Koha biblionumber 108011
Koha biblioitemnumber 108011
Наличности
Код за отписване Код за изгубен артикул Код за повреда Коз за рестрикции Код за отдаване Артикулен № Име на библиотеката - собственик Име на библиотеката, в която се намира в момента Статус (Текущо местоположение) Дата на вписване в системата Местоположение - отдел Цена в лева Инвентарен номер Систематично азбучна сигнатура Баркод Номер на екземпляра Цена в евро Служебна бележка Служебен тип на артикула
  Не е изгубен Не е повреден без рестрикции ползва се в читалня 174170 Регионална библиотека "Любен Каравелов" Русе Регионална библиотека "Любен Каравелов" Русе Читалня 2004-05-31 Читалня 13.00 120000685764 Ч 00/Б 57 120000685764 1 6.65 Дост: Pk Вид: Ф N: 3 Дата: 30.05.2004 Дата инв: 21.03.2017 Бележки инв: Ч2017 Книги
  Не е изгубен Не е повреден без рестрикции ползва се в читалня 174171 Регионална библиотека "Любен Каравелов" Русе Регионална библиотека "Любен Каравелов" Русе Хранилище 2005-06-01 Хранилище 0.00 120000694648 Цб 219730 120000694648 2 0.00 Дост: Dp Вид: Д N: 29 Дата: 07.07.2004 Книги
Vip Innovations Ltd, Rousse, Bulgaria 2025